Mięśnie człowieka - Statystyki

Ogólne statystyki
  • Ten quiz został rozwiązany 734 razy
  • Średni wynik to 26 z 180
Statystyki odpowiedzi
Hint Odpowiedź % Poprawnych
dwugłowy ramienia
66%
grzbietu czworoboczny
63%
trójgłowy ramienia
62%
tułowia prosty brzucha
59%
dwugłowy uda
53%
klatki pieriowej piersiowy większy
53%
najszerszy grzbietu
52%
naramienny
52%
piersiowy mniejszy
48%
ramienny
44%
uda krawiecki
42%
obły mniejszy
39%
obły większy
39%
pośladkowy wielki
39%
Obręczy kończyny górnej podgrzebieniowy
36%
zębaty przedni
36%
brzuchaty łydki
35%
nadgrzebieniowy
35%
podłopatkowy
35%
pośladkowy mały
35%
pośladkowy średni
34%
prosty uda
34%
ramienia kruczo-ramienny
33%
gruszkowaty
30%
płaszczkowaty
28%
skośny zewnętrzny brzucha
27%
smukły
27%
mostkowo-obojczykowo-sutkowy
26%
goleni piszczelowy przedni
25%
półbłoniasty
25%
poprzeczny brzucha
25%
skośny wewnętrzny brzucha
25%
przedramienia łokciowy
24%
półścięgnisty
24%
równoległoboczny
24%
biodrowy
23%
dźwigacz łopatki
23%
przepona
23%
obszerny boczny
22%
przywodziciel długi
22%
ramienno promieniowy
22%
obszerny przyśrodkowy
21%
strzałkowy długi
20%
przywodziciel krótki
19%
nawrotny obły
18%
okrężny oka
18%
skroniowy
18%
strzałkowy krótki
18%
czworoboczny lędźwi
17%
grzebieniowy
17%
obręczy kończyny dolnej lędźwiowy większy
17%
okrężny ust
17%
zginacz łokciowy nadgarstka
17%
zginacz promieniowy nadgarstka
17%
żwacz
17%
dłoniowy długi
16%
glistowate
16%
ledźwiowy mniejszy
16%
podobojczykowy
16%
międzyżebrowe wewnętrzne
15%
miedzyzebrowe zewnętrzne
15%
obszerny pośredni
15%
piszczelowy tylny
15%
podkolanowy
15%
prostownik palców
15%
zasłaniacz wewnętrzny
15%
zębaty tylny dolny
15%
zębaty tylny górny
15%
piramidowy
14%
podeszwowy
14%
zasłaniacz zewnętrzny
14%
zginacz długi palców
14%
naprężacz powięzi szerokiej
13%
strzałkowy trzeci
13%
zginacz długi kciuka
13%
zginacz długi palucha
13%
czworoboczny uda
12%
prostownik długi palców
12%
prostownik łokciowy nadgarstka
12%
śmiechowy
12%
odwracacz
11%
prostownik długi kciuka
11%
prostownik długi palucha
11%
prostownik krótki kciuka
11%
szyi szeroki szyi
11%
zginacz krótki kciuka
11%
zginacz powierzchowny palców
11%
nawrotny czworoboczny
10%
odwodziciel palca małego
10%
policzkowy
10%
przywodziciel kciuka
10%
zginacz głęboki palców
10%
zginacz krótki palców
10%
zginacz krótki palucha
10%
odwodziciel długi kciuka
9%
ręki odwodziciel krótki kciuka
9%
pochyły przedni
9%
prostownik palca małego
9%
prostownik wskaziciela
9%
jarzmowy mniejszy
8%
jarzmowy większy
8%
nosowy
8%
odwodziciel palucha
8%
pochyły środkowy
8%
stopy prostownik krótki palców
8%
prostownik krótki palucha
8%
prostownik promieniowy długi nadgarstka
8%
prostownik promieniowy krótki nadgarstka
8%
dłoniowy krótki
7%
dźwigacz jądra
7%
wielodzielny
7%
biodrowo żebrowy
6%
bródkowy
6%
płatowaty głowy
6%
półkolcowy
6%
poprzeczny klatki piersiowej
6%
potyliczno-czołowy
6%
przeciwstawiacz kciuka
6%
przeciwstawiacz palca małego
6%
przywodziciel palucha
6%
długi szyi
5%
dźwigacz wargi górnej
5%
marszczący brwi
5%
międzykostne dłoniowe
5%
międzykostne grzbietowe
5%
płatowaty szyi
5%
pochyły tylni
5%
podżebrowe
5%
stawowy kolana
5%
zginacz krótki palca małego
5%
bliźniacze górny i dolny
4%
miedzypoprzeczne
4%
obniżacz kąta ust
4%
obniżacz wargi dolnej
4%
podłuzny
4%
czworoboczny podeszwy
3%
długi głowy
3%
dwubrzuścowy
3%
łopatkowo-gnykowy
3%
międzykolcowe
3%
mostkowo-gnykowy
3%
głowy naczaszny
3%
skręcające
3%
tarczowo-gnykowy
3%
bródkowo-gnykowy
2%
dźwigacz kąta ust
2%
dźwigacz wargi górnej i skrzydła nosa
2%
kolcowy głowy
2%
kolcowy klatki piersiowej
2%
kolcowy szyi
2%
międzypoprzeczne boczne lędźwi
2%
mostkowo-tarczowy
2%
najdłuższy głowy
2%
najdłuższy klatki piersiowej
2%
najdłuższy szyi
2%
obniżacz przegrody
2%
rylcowo-gnykowy
2%
skrzydłowy boczny
2%
skrzydłowy przyśrodkowy
2%
uszny górny
2%
uszny przedni
2%
uszny tylny
2%
żuchwowo-gnykowy
2%
prosty boczny głowy
1%
prosty przedni głowy
1%
prosty tylny mniejszy głowy
1%
prosty tylny większy głowy
1%
skośny dolny głowy
1%
skośny górny głowy
1%
skroniowo-ciemieniowy
1%
dźwigacze żeber
0%
krzyżowo grzbietowy
0%
krzyżowo-guziczny przedni
0%
krzyzowo-guziczny tylny
0%
międzykostne grzbietowe i podeszwowe
0%
pochyły najmniejszy
0%
Nie znaleziono quizów pasujących do podanych kryteriów
Rozkład punktacji
Procent ludzi z każdym wynikiem
Percentyl według liczby udzielonych odpowiedzi
Twoja historia wyników
Nie rozwiązałeś tego quizu